Top 10 Countries in FIFA rankings each year 1992-2025 - Statistics

General Stats
  • This quiz has been taken 114 times
  • The average score is 324 of 340
Answer Stats
Hint Answer % Correct
1 | 2 | 3 | +7 others Argentina
100%
1 | 2 | 3 | +6 others Brazil
100%
1 | 2 | 3 | +5 others France
100%
4 | 5 | 7 | +3 others England
99%
1 | 2 | 4 | +6 others Italy
99%
1 | 2 | 3 | +3 others Belgium
97%
3 | 4 | 8 | +2 others Colombia
97%
1 | 2 | 3 | +5 others Germany
97%
2 | 3 | 4 | +6 others Netherlands
97%
1 | 2 | 3 | +7 others Spain
97%
5 | 7 | 10 Chile
96%
3 | 4 | 5 | +4 others Portugal
94%
3 | 5 | 6 | +3 others Uruguay
94%
6 | 7 | 9 | 10 Mexico
93%
6 | 7 | 8 | 9 Russia
93%
4 | 6 | 7 | 10 Sweden
93%
7 | 9 | 10 United States
93%
4 | 6 | 7 | +3 others Croatia
90%
4 | 9 | 10 Denmark
90%
6 Poland
89%
3 | 5 | 8 | 9 Switzerland
88%
4 | 6 | 9 | 10 Norway
85%
7 Yugoslavia
81%
6 | 7 | 8 | 9 Romania
78%
7 | 10 Turkey
78%
2 | 3 | 4 | +4 others Czech Republic
75%
6 Ireland
75%
9 Egypt
72%
10 Wales
72%
10 Paraguay
69%
8 Bulgaria
68%
No matching quizzes found
Score Distribution
Percent of People with Each Score
Percentile by Number Answered
Your Score History
You have not taken this quiz